000 00305nam a22001457a 4500
003 SGT
082 _a530.12,RAJ
100 _aRAJPUT,B.S
245 _aADVANCED QUANTUM MECHANICS
250 _a1ST
260 _aMEERUT
_bPRAGATI PRAKASHAN
_c2016
300 _a824
650 _aPHYSICS
942 _2ddc
_cFPS
999 _c10036
_d10036